SCIENCE ACTIVITIES & EXPERIMENTS (Record no. 6076)
[ view plain ]
| 000 -LEADER | |
|---|---|
| fixed length control field | 00361nam a22001457a 4500 |
| 020 ## - INTERNATIONAL STANDARD BOOK NUMBER | |
| ISBN | 13978-93-5103-858-0 |
| 082 ## - DEWEY DECIMAL CLASSIFICATION NUMBER | |
| Classification number | 001 |
| Item number | GUP/S |
| 100 ## - MAIN ENTRY--AUTHOR NAME | |
| Personal name | GUPTA, VAISHALI |
| 245 ## - TITLE STATEMENT | |
| Title | SCIENCE ACTIVITIES & EXPERIMENTS |
| 260 ## - PUBLICATION, DISTRIBUTION, ETC. (IMPRINT) | |
| Place of publication | NEW YORK |
| Name of publisher | SCHOLASTIC |
| 300 ## - PHYSICAL DESCRIPTION | |
| Number of Pages | 119 |
| 520 ## - SUMMARY, ETC. | |
| Summary, etc | SCIENCE QUIZ |
| 650 ## - SUBJECT ADDED ENTRY--TOPICAL TERM | |
| Topical Term | SCIENCE ACTIVITIES & EXPERIMENTS |
| Geographic subdivision | NEW YORK |
| 942 ## - ADDED ENTRY ELEMENTS (KOHA) | |
| Koha item type | Books |
| Withdrawn status | Lost status | Collection code | Home library | Current library | Shelving location | Date acquired | Source of acquisition | Full call number | Accession Number | Koha item type |
|---|---|---|---|---|---|---|---|---|---|---|
| Fiction | Main Library | Main Library | SHELF 3- J- ENGLISH CHILDRENS LITERATURE &MYTHOLOGY | 07/10/2015 | PURCHASE | 001 GUP/S | 07824 | Books | ||
| G.K | Main Library | Main Library | SHELF 3- J- ENGLISH CHILDRENS LITERATURE &MYTHOLOGY | 07/10/2015 | PURCHASE | 001 GUP/S | 7824 | Books | ||
| G.K | Main Library | Main Library | SHELF 3- J- ENGLISH CHILDRENS LITERATURE &MYTHOLOGY | 05/10/2015 | PURCHASE | 001 GUP/S | 06195 | Books |